000 00619nam a2200181 a 4500
001 000022848
005 20200930021831.0
008 101119s1993 sp abd r 000 0 spa d
020 _a8478201513
040 _aDO-SdBNP
_bspa
_cBNPHU
082 _aNNNN
_bL274i
100 1 _aLange, Christine
_946959
245 1 3 _aLa inmigración francesa en Aragón :
_b(siglo xvi y primera mitad del xvii) /
_cChristine Lange.
260 _aZaragoza :
_bInstitución Fernando el Católico,
_c1993.
300 _a189 p. :
_bil. ;
_c24 cm.
504 _aIncluye referencias bibliográficas y notas al pie de las páginas.
049 _aBNGR
999 _c22345
_d22345